| 000 -LEADER |
| fixed length control field |
00459cam a22001457a 4500 |
| 008 - FIXED-LENGTH DATA ELEMENTS--GENERAL INFORMATION |
| fixed length control field |
180718b1969 xxu||||| |||| 00| 0 eng d |
| 020 ## - INTERNATIONAL STANDARD BOOK NUMBER |
| International Standard Book Number |
340 10836 3 |
| 082 ## - DEWEY DECIMAL CLASSIFICATION NUMBER |
| Classification number |
A6x42 H718 |
| 100 ## - MAIN ENTRY--PERSONAL NAME |
| Personal name |
Hollaender, A.E.J. |
| 245 ## - TITLE STATEMENT |
| Title |
Studies in London History |
| Statement of responsibility, etc. |
A.E.J. Hollaender and William Kellaway |
| 260 ## - PUBLICATION, DISTRIBUTION, ETC. |
| Place of publication, distribution, etc. |
Britain |
| Name of publisher, distributor, etc. |
Holder and Stoughton |
| Date of publication, distribution, etc. |
1969 |
| 300 ## - PHYSICAL DESCRIPTION |
| Extent |
509p |
| 650 ## - SUBJECT ADDED ENTRY--TOPICAL TERM |
| Topical term or geographic name entry element |
Jones, Philip E. Bibliography,London (England) History. |
| 700 ## - ADDED ENTRY--PERSONAL NAME |
| Personal name |
Kellaway William |